| 000 | 00758nam a22002051 4500 | ||
|---|---|---|---|
| 999 |
_c193806 _d193806 |
||
| 005 | 20230508110219.0 | ||
| 008 | |||
| 010 | _aB-747488-492 E.N.A./7.11.22 | ||
| 020 |
_a9789394888043 _c995.00 |
||
| 035 | _aB-747488-492 | ||
| 037 | _bKHB Publishing House | ||
| 082 | _a181.46 | ||
| 100 | _aVivekananda | ||
| 245 |
_aJnana-Yoga / _cby Swami Vivekananda |
||
| 260 |
_aDelhi _bSonam Enterprises _c2022 |
||
| 270 |
_aB-15-15, Gali No. 10, Jagatpuri Extn. _bDelhi _e110 093 |
||
| 300 |
_a278 p. _c22cm. (Hbk) |
||
| 942 |
_cEN _mVIV _2ddc _h181.46 |
||